000 00698nam a22002650a 4500
001 PT54530
003 AR-LpoUNG
005 20210131231627.0
008 191001suuuu||||sp |||||||||||||||||spa d
020 _a9505380755
_c$57,63
040 _aAR-LpoUNG
_bspa
_cAR-LpoUNG
_eaacr
041 _aspa
044 _asp
082 0 _aR413 825dic
100 1 _aCorripio, Fernando
245 1 0 _aDiccionario práctico :
_bsinónimos : antónimos
250 _a1ra. ed.
260 _aBarcelona :
_bLarousse,
_cs.f..
300 _a386 p. :
_bfot.
650 4 _aDICCIONARIOS
650 4 _aMATERIAL DE REFERENCIA
651 4 _aDOCUMENTOS TEORICOS O METODOLOGICOS
905 _a54530
942 _cLSALA
999 _c11096
_d11096